Statistiques concernant Pays frontaliers

Cliquez ici pour prendre le quiz!

Statistiques générales

  • Ce quiz a été pris 364 fois
  • Le résultat moyen est 41 sur 51

Statistiques - réponses

HintRéponse% Correct
BiélorussieRussie
99%
TunisieAlgerie
96%
AndorreFrance
96%
LuxembourgFrance
96%
MexiqueÉtats-Unis
95%
SuèdeFinlande
95%
SuèdeNorvège
94%
AndorreEspagne
93%
BiélorussieUkraine
93%
TunisieLibye
92%
LuxembourgAllemagne
89%
LuxembourgBelgique
89%
PerouBrésil
89%
BiélorussiePologne
89%
PerouChili
85%
PerouEquateur
84%
BiélorussieLituanie
84%
Arabie saouditeOman
84%
Arabie saouditeYemen
84%
PerouColombie
83%
PerouBolivie
82%
MacedoineKosovo
81%
SomalieEthiopie
80%
Arabie saouditeQatar
80%
MacedoineGréce
79%
BhoutanInde
79%
MacedoineSerbie
79%
SlovenieCroatie
78%
Arabie saouditeÉmirats arabes unis
78%
MexiqueGuatemala
78%
MacedoineAlbanie
76%
BhoutanChine
76%
SomalieKenya
75%
MexiqueBelize
74%
SlovenieItalie
74%
SenegalGambie
73%
Arabie saouditeKoweït
73%
BiélorussieLettonie
73%
SenegalMali
73%
SenegalMauritanie
73%
SlovenieAutriche
72%
SenegalGuinée
72%
Arabie saouditeIrak
72%
SlovenieHongrie
71%
SomalieDjibouti
69%
Arabie saouditeJordanie
69%
MacedoineBulgarie
63%
SenegalGuinée-Bissau
60%
MalawiMozambique
56%
MalawiZambie
56%
MalawiTanzanie
55%

Distribution des résultats

Percentile par nombre de réponses

% des personnes avec chaque résultat

Votre développement - résultats

Vous n’avez pas pris ce quiz